| Tag |
First Indicator |
Second Indicator |
Subfields |
| LEADER |
00000cam a2200000 4500 |
| 001 |
in00000048807 |
| 005 |
20151007075653.0 |
| 008 |
770331s1953 cauab b 00010 eng |
| 010 |
|
|
|a 53009403
|
| 035 |
|
|
|a (OCoLC)02850857
|
| 035 |
|
|
|9 AAF3632AM
|
| 040 |
|
|
|a DLC
|c SUC
|d TXA
|d UtOrBLW
|
| 049 |
|
|
|a TXAM
|c [220403]
|
| 050 |
0 |
0 |
|a QL164
|b .S8
|
| 082 |
0 |
|
|a 598.29794
|
| 092 |
|
|
|a 598.29794
|b S956b
|
| 100 |
1 |
|
|a Sumner, Lowell.
|
| 245 |
1 |
0 |
|a Birds and mammals of the Sierra Nevada ;
|b with records from Sequoia and Kings Canyon National Parks /
|c [by] Lowell Sumner and Joseph S. Dixon.
|
| 264 |
|
1 |
|a Berkeley :
|b University of California Press,
|c 1953.
|
| 300 |
|
|
|a xvii, 484 pages :
|b illustrations (part color) folded maps. ;
|c 24 cm.
|
| 336 |
|
|
|a text
|b txt
|2 rdacontent
|
| 337 |
|
|
|a unmediated
|b n
|2 rdamedia
|
| 338 |
|
|
|a volume
|b nc
|2 rdacarrier
|
| 500 |
|
|
|a "Prepared under the auspices of the National Park Service, United States Department of the Interior."
|
| 504 |
|
|
|a Bibliography: pages 469-480.
|
| 650 |
|
0 |
|a Birds
|z California
|z Sierra Nevada (Calif. and Nev.)
|
| 650 |
|
0 |
|a Mammals
|z California
|z Sierra Nevada (Calif. and Nev.)
|
| 650 |
|
0 |
|a Animal behavior.
|
| 700 |
1 |
|
|a Dixon, Joseph S.
|q (Joseph Scattergood),
|d 1884-1952.
|
| 999 |
|
|
|a MARS
|
| 999 |
f |
f |
|s fe5ebdb2-7078-3bbe-b97d-3db8037feaf6
|i bdc13d68-c133-32a0-9158-770c3e651c26
|t 0
|
| 952 |
f |
f |
|p ric
|a Texas A&M University
|b Rellis Campus
|c Joint Library Facility
|d Remote Storage
|t 0
|e QL164 .S8
|h Library of Congress classification
|i unmediated -- volume
|m A14801023707
|
| 998 |
f |
f |
|a QL164 .S8
|t 0
|l Remote Storage
|